Statistics for Italian Football Championship - Serie A

Click here to take the quiz!

General Stats

  • This quiz has been taken 1,093 times
    (676 since last reset)
  • The average score is 108 of 125

Answer Stats

HintAnswer% Correct
1905 | 1908 (Federal - unacknowledgedl) | 1909 (Italian - unacknowledged) | +36 othersJuventus
100%
1929-1930 | 1937-1938 | 1939-1940Ambrosiana Inter
99%
1909-1910 | 1919-1920 | 1952-1953 | +12 othersInternazionale
99%
2005-2006 (reassigned)Internazionale (Juventus downgrades)
99%
1901 | 1906 | 1907 | +15 othersMilan
98%
1941-1942 | 1982-1983 | 2000-2001Roma
96%
1973-1974 | 1999-2000Lazio
94%
1986-1987 | 1989-1990Napoli
94%
1955-1956 | 1968-1969Fiorentina
81%
1926-1927 (revoked) | 1927-1928 | 1942-1943 | +5 othersTorino
81%
1898 | 1899 | 1900 | +6 othersGenoa
79%
1990-1991Sampdoria
78%
1924-1925 | 1928-1929 | 1935-1936 | +4 othersBologna
69%
1984-1985Hellas Verona
68%
1969-1970Cagliari
63%
1908 | 1909 | 1910-1911 | +5 othersPro Vercelli
42%
1913-1914Casale
24%
1943-1944 (Italian Social Republic)Vigili del Fuoco di La Spezia
22%
1921-1922 (Italian Football Federation)Novese
15%
1915-1919 | 1944-1945suspended for war reasons
6%

Score Distribution

Percentile by Number Answered

Percent of People with Each Score

Your Score History

You have not taken this quiz since the last reset